Welcome to CU Library Online Public Access Catalogue (OPAC)

Public relations cases / (Record no. 2014)

MARC details
000 -LEADER
fixed length control field 00995cam a22002534a 4500
001 - CONTROL NUMBER
control field 11948428
005 - DATE AND TIME OF LATEST TRANSACTION
control field 20241209161138.0
008 - FIXED-LENGTH DATA ELEMENTS--GENERAL INFORMATION
fixed length control field 000321s2001 caua b 001 0 eng
020 ## - INTERNATIONAL STANDARD BOOK NUMBER
International Standard Book Number 0534514324
050 00 - LIBRARY OF CONGRESS CALL NUMBER
Classification number HM1221
Item number .H46 2001
082 00 - DEWEY DECIMAL CLASSIFICATION NUMBER
Classification number 659.2
Edition information 21
100 1# - MAIN ENTRY--PERSONAL NAME
Personal name Hendrix, Jerry A.
245 10 - TITLE STATEMENT
Title Public relations cases /
Statement of responsibility, etc. Jerry A. Hendrix.
250 ## - EDITION STATEMENT
Edition statement 5th ed.
260 ## - PUBLICATION, DISTRIBUTION, ETC.
Place of publication, distribution, etc. Belmont, CA :
Name of publisher, distributor, etc. Wadsworth/Thomson Learning,
Date of publication, distribution, etc. c2001.
300 ## - PHYSICAL DESCRIPTION
Extent viii, 488 p. :
Other physical details ill. ;
Dimensions 24 cm.
440 #0 - SERIES STATEMENT/ADDED ENTRY--TITLE
Title Wadsworth series in mass communication and journalism
650 #0 - SUBJECT ADDED ENTRY--TOPICAL TERM
Topical term or geographic name entry element Public relations
Geographic subdivision United States
Form subdivision Case studies.
650 #0 - SUBJECT ADDED ENTRY--TOPICAL TERM
Topical term or geographic name entry element Publicity
Form subdivision Case studies.
856 42 - ELECTRONIC LOCATION AND ACCESS
Materials specified Contributor biographical information
Uniform Resource Identifier <a href="http://www.loc.gov/catdir/enhancements/fy1515/00036677-b.html">http://www.loc.gov/catdir/enhancements/fy1515/00036677-b.html</a>
856 42 - ELECTRONIC LOCATION AND ACCESS
Materials specified Publisher description
Uniform Resource Identifier <a href="http://www.loc.gov/catdir/enhancements/fy1515/00036677-d.html">http://www.loc.gov/catdir/enhancements/fy1515/00036677-d.html</a>
856 41 - ELECTRONIC LOCATION AND ACCESS
Materials specified Table of contents only
Uniform Resource Identifier <a href="http://www.loc.gov/catdir/enhancements/fy1515/00036677-t.html">http://www.loc.gov/catdir/enhancements/fy1515/00036677-t.html</a>
942 ## - ADDED ENTRY ELEMENTS (KOHA)
Source of classification or shelving scheme Library of Congress Classification
Koha item type Books
Suppress in OPAC No
999 ## -
-- 2014
-- 2014
Holdings
Withdrawn status Lost status Source of classification or shelving scheme Damaged status Not for loan Collection Home library Current library Shelving location Date acquired Total checkouts Full call number Barcode Date last seen Copy number Price effective from Koha item type
    Library of Congress Classification     Non-fiction Business Library (Miotso) Business Library (Miotso) General stacks 03/17/2025   HM1221 HEN BSSM00001425 03/17/2025 2 03/17/2025 Books
    Library of Congress Classification     Non-fiction Business Library (Miotso) Business Library (Miotso) General stacks 03/17/2025   HM1221 HEN BSSM00001426 03/17/2025 3 03/17/2025 Books
    Library of Congress Classification     Non-fiction Undergraduate Library (Christ Temple) Undergraduate Library (Christ Temple) General stacks 12/09/2024   HM1221 HEN ulct00000550 12/09/2024 1 12/09/2024 Books
© 2023-2024 Copyright: Central University Libraries. All Rights Reserved | Created by: Mahone Tech Office